| 000 | 00593nam a2200229Ia 4500 | ||
|---|---|---|---|
| 003 | OSt | ||
| 005 | 20221007063108.0 | ||
| 006 | a|||||r|||| 00| 0 | ||
| 007 | ta | ||
| 008 | 221006b |||||||| |||| 00| 0 eng d | ||
| 024 | _a19,016 | ||
| 037 | _cTextual | ||
| 040 |
_aFLL _cFLL _beng |
||
| 041 |
_2eng _aeng |
||
| 082 | _aZ,5W60a4, M2 | ||
| 100 | _aJain S.N. | ||
| 245 | 0 | _aOfficial secrecy and the press | |
| 260 |
_aBombay _bN.M. Tripathi Pvt. Ltd. India _c1982 |
||
| 300 |
_a48p _ccm. |
||
| 942 |
_hZ,5W60a4, M2 _cTEXL _2CC |
||
| 999 |
_c1130356 _d1130356 |
||